Reliez l'actrice au film Click Quiz - Statistiques

Statistiques générales
  • Ce quiz a été pris 119 fois
  • Le résultat moyen est 12 sur 25
Statistiques - réponses
Hint Réponse % Correct
Harry Potter à l'école des sorciers Emma Watson
93%
Barbie Margot Robbie
92%
Titanic Kate Winslet
88%
Hunger Games Jennifer Lawrence
87%
Léon Natalie Portman
84%
Black Widow Scarlett Johansson
84%
Wonder Woman Gal Gadot
77%
WandaVision Elizabeth Olsen
63%
Challengers Zendaya
55%
Pirates des Caraïbes : La Fontaine de jouvence Penélope Cruz
54%
Fast and Furious Michelle Rodriguez
52%
Élite Ester Expósito
48%
The Kissing Booth Joey King
45%
Kick-Ass Chloë Grace Moretz
39%
Bienvenue à Zombieland Emma Stone
37%
À tous les garçons que j'ai aimés Lana Condor
30%
Black Panther Danai Gurira
24%
Glass Onion : Une histoire à couteaux tirés Madelyn Cline
23%
Taken Maggie Grace
20%
Friend Request Alycia Debnam-Carey
17%
Meurtre mode d'emploi Emma Myers
16%
Apprentis Parents Isabela Merced
14%
The Fallout Jenna Ortega
14%
La Dernière Évasion Sarah Wayne Callies
10%
Sniper : Ultimate Kill Danay García
6%
Aucun quiz correspondant
Distribution des résultats
% des personnes avec chaque résultat
Percentile par nombre de réponses
Votre historique - résultats
Vous n’avez pas pris ce quiz